[Event "Titled Tuesday 2021.12.21"]
[Site "chess.com INT"]
[Date "2021.12.21"]
[Round "6"]
[White "Forgas Moreno, Yaniela"]
[Black "Ivanov, Mike"]
[Result "0-1"]
[WhiteElo "2310"]
[BlackElo "2360"]
[WhiteFideId "-1"]
[WhiteFideId "-1"]
[PlyCount "90"]
[GameId "2130307580080270"]
[EventDate "2021.12.21"]
[EventType "swiss (blitz)"]
[EventRounds "11"]
[EventCountry "NET"]
[SourceTitle "The Week in Chess 1416"]
[Source "Mark Crowther"]
[SourceDate "2021.12.27"]
[SourceVersion "1"]
[SourceVersionDate "2021.12.27"]
[SourceQuality "2"]

1. e4 e6 2. b3 d5 3. Bb2 Nc6 4. e5 b6 5. f4 Bb7 6. Nf3 Qd7 7. Bb5 a6 8. Bxc6 Qxc6 9. d3 Nh6 10. h3 Nf5 11. Kf2 h5 12. d4 h4 13. Re1 Be7 14. Qd2 Qd7 15. Ba3 c5 16. c3 Rc8 17. Kg1 Rh6 18. Qf2 Rg6 19. Nbd2 cxd4 20. Bxe7 dxc3 21. Bxh4 cxd2 22. Qxd2 d4 23. Bg5 Bxf3 24. gxf3 f6 25. exf6 gxf6 26. Qd3 Kf7 27. Rac1 fxg5 28. Qxa6 gxf4+ 29. Kf2 Rc3 30. Qxb6 Rg3 31. Rxc3 dxc3 32. Re2 Qd4+ 33. Qxd4 Nxd4 34. Re1 c2 35. Rc1 Rxh3 36. Kg2 Rg3+ 37. Kh2 Rxf3 38. Kg2 Rd3 39. Kf2 Rd1 40. Rxc2 Nxc2 41. Kf3 Ra1 42. Kxf4 Rxa2 43. b4 Rb2 44. b5 Rxb5 45. Ke4 Nb4 0-1

[Event "Titled Tuesday 2021.12.21"]
[Site "chess.com INT"]
[Date "2021.12.21"]
[Round "9"]
[White "Ivanov, Mike"]
[Black "Van Osch, Mees"]
[Result "0-1"]
[WhiteElo "2360"]
[BlackElo "2364"]
[WhiteFideId "-1"]
[WhiteFideId "-1"]
[PlyCount "130"]
[GameId "2130307580084485"]
[EventDate "2021.12.21"]
[EventType "swiss (blitz)"]
[EventRounds "11"]
[EventCountry "NET"]
[SourceTitle "The Week in Chess 1416"]
[Source "Mark Crowther"]
[SourceDate "2021.12.27"]
[SourceVersion "1"]
[SourceVersionDate "2021.12.27"]
[SourceQuality "2"]

1. e4 c5 2. Nf3 e6 3. c3 d5 4. e5 Bd7 5. d4 Qb6 6. Bd3 Bb5 7. dxc5 Bxc5 8. b4 Bxf2+ 9. Ke2 Bxd3+ 10. Qxd3 Nc6 11. Rf1 Bc5 12. bxc5 Qxc5 13. Ba3 Qa5 14. Bd6 Nge7 15. Nbd2 Nf5 16. Nb3 Qa4 17. Bc5 b6 18. Bd4 O-O 19. Kf2 Rac8 20. Kg1 f6 21. exf6 gxf6 22. Bf2 Qg4 23. Rae1 Rfe8 24. Kh1 Kh8 25. Nbd4 Ncxd4 26. Nxd4 Nxd4 27. Qxd4 Qxd4 28. cxd4 Kg7 29. Bh4 f5 30. Rc1 Kg6 31. Bg3 Rc4 32. Rxc4 dxc4 33. Rc1 b5 34. Kg1 Kf7 35. Kf2 Rd8 36. Ke3 Rd5 37. Be5 Rd7 38. a4 a6 39. axb5 axb5 40. Rb1 Rb7 41. Rb4 Ke7 42. Kd2 Kd7 43. Kc3 Kc6 44. Rb2 Ra7 45. Kc2 Ra3 46. Rb1 Ra2+ 47. Rb2 Ra1 48. Rb1 Ra3 49. h3 Re3 50. Rd1 Re2+ 51. Rd2 Re1 52. Kc3 Rc1+ 53. Kb2 Rg1 54. Rf2 Kd5 55. g4 fxg4 56. hxg4 Rxg4 57. Rh2 b4 58. Rxh7 Rg2+ 59. Kb1 c3 60. Rc7 Ke4 61. Rb7 Rb2+ 62. Kc1 Kd3 63. Rc7 Rg2 64. Kb1 b3 65. Bf4 Rg1+ 0-1

[Event "Titled Tuesday 2021.12.21"]
[Site "chess.com INT"]
[Date "2021.12.21"]
[Round "10"]
[White "Nastore, Pavel Alexandru"]
[Black "Ivanov, Mike"]
[Result "0-1"]
[WhiteElo "2329"]
[BlackElo "2360"]
[WhiteFideId "-1"]
[WhiteFideId "-1"]
[PlyCount "72"]
[GameId "2130307580084525"]
[EventDate "2021.12.21"]
[EventType "swiss (blitz)"]
[EventRounds "11"]
[EventCountry "NET"]
[SourceTitle "The Week in Chess 1416"]
[Source "Mark Crowther"]
[SourceDate "2021.12.27"]
[SourceVersion "1"]
[SourceVersionDate "2021.12.27"]
[SourceQuality "2"]

1. e4 e6 2. d4 d5 3. Nc3 Bb4 4. e5 c5 5. a3 Bxc3+ 6. bxc3 Ne7 7. Qg4 cxd4 8. Qxg7 Rg8 9. Qxh7 Nbc6 10. f4 Qa5 11. Qd3 dxc3 12. Ne2 b6 13. Qxc3 Qa4 14. Be3 Ba6 15. Nd4 Rc8 16. g3 Bxf1 17. Kxf1 Nxd4 18. Qxd4 Rc4 19. Qd3 Rxc2 20. h4 Nf5 21. Bf2 Qc6 22. Rh3 Rc3 23. Qd2 d4 24. h5 Nxg3+ 25. Bxg3 Rgxg3 26. Rxg3 Rxg3 27. Qxd4 Qh1+ 28. Ke2 Qh2+ 29. Kf1 Qh1+ 30. Ke2 Qxh5+ 31. Kd2 Qh2+ 32. Kc1 Rg1+ 33. Qd1 Rxd1+ 34. Kxd1 Qh1+ 35. Kd2 Qxa1 36. Ke3 Qxa3+ 0-1

[Event "Titled Tuesday 2021.10.19"]
[Site "Chess.com INT"]
[Date "2021.10.19"]
[Round "1"]
[White "Provaznik, Michal"]
[Black "Ivanov, Mike"]
[Result "0-1"]
[WhiteElo "2127"]
[BlackElo "2344"]
[WhiteFideId "-1"]
[WhiteFideId "-1"]
[PlyCount "84"]
[GameId "1707555628154880"]
[EventDate "2021.10.19"]
[EventType "swiss (blitz)"]
[EventRounds "11"]
[EventCountry "NET"]
[SourceTitle "CBM 204 Extra"]
[Source "ChessBase"]
[SourceDate "2021.11.30"]
[SourceVersion "1"]
[SourceVersionDate "2021.11.30"]
[SourceQuality "1"]

1. b3 e5 2. Bb2 Nc6 3. g3 Nf6 4. Bg2 d5 5. e3 Be6 6. Ne2 Qd7 7. O-O Bh3 8. f4 Bxg2 9. Kxg2 Bd6 10. Nbc3 h5 11. h4 a6 12. d3 O-O-O 13. a3 Ng4 14. Qd2 d4 15. exd4 exd4 16. Nd1 Be7 17. Rf3 Bf6 18. b4 Rhe8 19. a4 Qd5 20. b5 Ne3+ 21. Kf2 Ng4+ 22. Kg2 Nh2 23. Kxh2 Qxf3 24. Ng1 Qf1 25. bxc6 Re1 26. cxb7+ Kb8 27. Qf2 Rde8 28. Qxf1 Rxf1 29. Nf2 Rxf2+ 30. Kh3 Rxc2 31. Rb1 Re3 32. Ba3 Rxd3 33. Bb4 Kxb7 34. Be7+ Kc6 35. Bxf6 gxf6 36. Rf1 f5 37. Nf3 f6 38. Ne1 Rc1 39. Nxd3 Rxf1 40. Nb4+ Kb6 41. Nd3 Rd1 42. Kg2 Rxd3 0-1

[Event "Titled Tuesday 2021.10.19"]
[Site "Chess.com INT"]
[Date "2021.10.19"]
[Round "3"]
[White "Pavlidou, Ekaterini"]
[Black "Ivanov, Mike"]
[Result "0-1"]
[WhiteElo "2161"]
[BlackElo "2344"]
[WhiteFideId "-1"]
[WhiteFideId "-1"]
[PlyCount "39"]
[GameId "1707555629486080"]
[EventDate "2021.10.19"]
[EventType "swiss (blitz)"]
[EventRounds "11"]
[EventCountry "NET"]
[SourceTitle "CBM 204 Extra"]
[Source "ChessBase"]
[SourceDate "2021.11.30"]
[SourceVersion "1"]
[SourceVersionDate "2021.11.30"]
[SourceQuality "1"]

1. d4 Nf6 2. c4 e6 3. Nc3 Bb4 4. Qc2 b6 5. e4 c5 6. d5 Qe7 7. Be2 O-O 8. e5 Ne8 9. d6 Qd8 10. Bf3 Nc6 11. Bxc6 dxc6 12. a3 Bxc3+ 13. Qxc3 f6 14. f4 fxe5 15. fxe5 Qh4+ 16. Qg3 Qxc4 17. Be3 Rf1+ 18. Kd2 Rxa1 19. h4 Ba6 20. Bg5 0-1

[Event "Titled Tuesday 2021.10.19"]
[Site "Chess.com INT"]
[Date "2021.10.19"]
[Round "5"]
[White "Begunov, Konstantin"]
[Black "Ivanov, Mike"]
[Result "1-0"]
[WhiteElo "2325"]
[BlackElo "2344"]
[WhiteFideId "-1"]
[WhiteFideId "-1"]
[PlyCount "111"]
[GameId "1707555631628288"]
[EventDate "2021.10.19"]
[EventType "swiss (blitz)"]
[EventRounds "11"]
[EventCountry "NET"]
[SourceTitle "CBM 204 Extra"]
[Source "ChessBase"]
[SourceDate "2021.11.30"]
[SourceVersion "1"]
[SourceVersionDate "2021.11.30"]
[SourceQuality "1"]

1. d4 Nf6 2. c4 e6 3. Nf3 c5 4. Nc3 cxd4 5. Nxd4 d5 6. cxd5 Nxd5 7. g3 Nxc3 8. bxc3 Qd5 9. f3 Be7 10. e4 Qc5 11. Qb3 Nc6 12. Be3 Qa5 13. Bb5 Bd7 14. O-O O-O 15. a4 Ne5 16. Bxd7 Nxd7 17. Qxb7 Qxc3 18. Bf2 Bc5 19. Rac1 Qb4 20. Qxd7 Rfd8 21. Nc6 Rxd7 22. Nxb4 Bxb4 23. Rc4 a5 24. Rfc1 h6 25. Rc8+ Rxc8 26. Rxc8+ Kh7 27. Ra8 Rd3 28. Kg2 Ra3 29. Bb6 Rxa4 30. Ra7 Kg6 31. g4 Ra2+ 32. Kg3 Be1+ 33. Kh3 a4 34. f4 f6 35. f5+ exf5 36. gxf5+ Kh7 37. Bc5 h5 38. Bf8 Kh6 39. Rxg7 Rd2 40. Rg1+ Kh7 41. Rxe1 a3 42. Bxa3 Rd3+ 43. Kh4 Rxa3 44. Kxh5 Ra2 45. h4 Ra4 46. Re3 Kg7 47. Kg4 Rb4 48. Kf4 Kh6 49. Rg3 Kh5 50. Rg6 Rb1 51. Rxf6 Rf1+ 52. Ke5 Kxh4 53. Rg6 Kh5 54. Rg8 Ra1 55. f6 Ra5+ 56. Kf4 1-0

[Event "Titled Tuesday 2021.10.19"]
[Site "Chess.com INT"]
[Date "2021.10.19"]
[Round "6"]
[White "Ivanov, Mike"]
[Black "Sargissyan, Sargis"]
[Result "0-1"]
[WhiteElo "2344"]
[BlackElo "2269"]
[WhiteFideId "-1"]
[WhiteFideId "-1"]
[PlyCount "130"]
[GameId "1707555632443392"]
[EventDate "2021.10.19"]
[EventType "swiss (blitz)"]
[EventRounds "11"]
[EventCountry "NET"]
[SourceTitle "CBM 204 Extra"]
[Source "ChessBase"]
[SourceDate "2021.11.30"]
[SourceVersion "1"]
[SourceVersionDate "2021.11.30"]
[SourceQuality "1"]

1. e4 c5 2. Nf3 d6 3. d4 cxd4 4. Qxd4 Nc6 5. Qe3 Nf6 6. Be2 g6 7. O-O Bg7 8. h3 O-O 9. Rd1 Qa5 10. c4 Be6 11. Nc3 Qc5 12. Nd5 Qxe3 13. Bxe3 Nxe4 14. Nc7 Rac8 15. Nxe6 fxe6 16. Bd3 Nc5 17. Bxc5 dxc5 18. Ng5 Nd4 19. Be4 b6 20. Rab1 Rfd8 21. Re1 Bf6 22. Nxe6 Nxe6 23. Bd5 Rxd5 24. cxd5 Nd4 25. Kf1 Rd8 26. Rec1 Rxd5 27. b4 Rf5 28. bxc5 bxc5 29. Rb7 Bh4 30. f3 a6 31. Ra7 Rf6 32. Rxc5 Re6 33. Rc1 Bg3 34. Rb7 Re2 35. Kg1 Nf5 36. Kh1 Nh4 37. Rcb1 Rxg2 38. R7b2 Rxb2 39. Rxb2 Bd6 40. Rb6 a5 41. Ra6 Bb4 42. f4 Nf5 43. Kg2 Kf7 44. Kf3 Nd4+ 45. Ke4 Ne2 46. Ke3 Ng3 47. Kf3 Nf5 48. Ke4 e6 49. Ra7+ Ne7 50. a3 Bc3 51. a4 Kf6 52. Ra8 Bb4 53. Rh8 Kg7 54. Re8 Kf7 55. Rh8 Kg7 56. Re8 Nf5 57. Rxe6 h5 58. Ra6 h4 59. Kd5 Ng3 60. Ke6 Ne4 61. Ra7+ Kh6 62. Kf7 Nf2 63. Ra8 Bc3 64. Rc8 Ba1 65. Rc1 Bd4 0-1

[Event "Titled Tuesday 2021.10.19"]
[Site "Chess.com INT"]
[Date "2021.10.19"]
[Round "7"]
[White "Myradow, Soltan"]
[Black "Ivanov, Mike"]
[Result "0-1"]
[WhiteElo "2233"]
[BlackElo "2344"]
[WhiteFideId "-1"]
[WhiteFideId "-1"]
[PlyCount "108"]
[GameId "1707555633086464"]
[EventDate "2021.10.19"]
[EventType "swiss (blitz)"]
[EventRounds "11"]
[EventCountry "NET"]
[SourceTitle "CBM 204 Extra"]
[Source "ChessBase"]
[SourceDate "2021.11.30"]
[SourceVersion "1"]
[SourceVersionDate "2021.11.30"]
[SourceQuality "1"]

1. d4 Nf6 2. Nf3 e6 3. c4 c5 4. d5 exd5 5. cxd5 d6 6. Nc3 g6 7. e4 a6 8. a4 Bg7 9. Bd3 Bg4 10. h3 Bxf3 11. Qxf3 O-O 12. O-O Nbd7 13. Qe2 Re8 14. Re1 Qc7 15. a5 Rac8 16. Qc2 c4 17. Bf1 Nc5 18. f4 Nb3 19. Ra4 Nxa5 20. e5 Nh5 21. e6 b5 22. Ra1 Nb3 23. Rb1 Nd4 24. Qd1 fxe6 25. Be3 Nf5 26. Bf2 Nxf4 27. g3 Nxd5 28. Nxd5 exd5 29. Qxd5+ Kh8 30. Rxe8+ Rxe8 31. Ra1 Bxb2 32. Rxa6 Rc8 33. Ra7 Qd8 34. g4 Ng7 35. Qxb5 c3 36. Bd3 c2 37. Bxc2 Rxc2 38. Qd5 Rxf2 39. Ra8 Rf8 40. Rxd8 Rxd8 41. Qb5 Be5 42. Qb6 Rf8 43. Kg2 h6 44. Qb1 Kh7 45. Qe4 h5 46. Qb7 Rf4 47. gxh5 gxh5 48. Qb1+ Kh6 49. Qc1 Kg6 50. Qc2+ Kf6 51. Qc8 Ne6 52. Qd7 Rd4 53. Qh7 Ng5 54. Kf1 Nxh7 0-1

[Event "Titled Tuesday 2021.10.19"]
[Site "Chess.com INT"]
[Date "2021.10.19"]
[Round "8"]
[White "Ivanov, Mike"]
[Black "Muromtsev, Arthur"]
[Result "0-1"]
[WhiteElo "2344"]
[BlackElo "2115"]
[WhiteFideId "-1"]
[WhiteFideId "-1"]
[PlyCount "104"]
[GameId "1707555633561600"]
[EventDate "2021.10.19"]
[EventType "swiss (blitz)"]
[EventRounds "11"]
[EventCountry "NET"]
[SourceTitle "CBM 204 Extra"]
[Source "ChessBase"]
[SourceDate "2021.11.30"]
[SourceVersion "1"]
[SourceVersionDate "2021.11.30"]
[SourceQuality "1"]

1. e4 e5 2. Nf3 Nc6 3. Nc3 Nf6 4. Bb5 Bb4 5. O-O O-O 6. d3 d6 7. Ne2 Ne7 8. c3 Ba5 9. Ng3 c6 10. Ba4 Ng6 11. d4 Bc7 12. h3 h6 13. Re1 Re8 14. Be3 d5 15. dxe5 Nxe4 16. Nxe4 dxe4 17. Qxd8 Rxd8 18. Nd2 Nxe5 19. Nxe4 Bf5 20. Ng3 Bg6 21. Bb3 Nd3 22. Re2 Re8 23. Nf1 b5 24. a4 Nc5 25. Bd1 Bd3 26. Rd2 Bxf1 27. Kxf1 Ne4 28. Rd7 Bb6 29. Bxb6 axb6 30. Bf3 Rxa4 31. Rxa4 bxa4 32. Rc7 Nd2+ 33. Kg1 Re1+ 34. Kh2 Nxf3+ 35. gxf3 Re2 36. Rxc6 Rxf2+ 37. Kg3 Rxb2 38. c4 a3 39. Rc8+ Kh7 40. Ra8 a2 41. h4 Kg6 42. Ra6 Kf5 43. Ra7 f6 44. Ra6 g5 45. hxg5 hxg5 46. Ra7 Ke5 47. Ra8 Kd4 48. Kg4 Kxc4 49. Kf5 Kb3 50. Kxf6 Rb1 51. Kxg5 a1=Q 52. Rxa1 Rxa1 0-1

[Event "Titled Tuesday 2021.10.19"]
[Site "Chess.com INT"]
[Date "2021.10.19"]
[Round "9"]
[White "Ivanov, Mike"]
[Black "Osmonbekov, Talaibek D"]
[Result "1-0"]
[WhiteElo "2344"]
[BlackElo "2136"]
[WhiteFideId "-1"]
[WhiteFideId "-1"]
[PlyCount "97"]
[GameId "1707555634245632"]
[EventDate "2021.10.19"]
[EventType "swiss (blitz)"]
[EventRounds "11"]
[EventCountry "NET"]
[SourceTitle "CBM 204 Extra"]
[Source "ChessBase"]
[SourceDate "2021.11.30"]
[SourceVersion "1"]
[SourceVersionDate "2021.11.30"]
[SourceQuality "1"]

1. e4 c5 2. Nf3 d6 3. d4 cxd4 4. Qxd4 Nc6 5. Qe3 Nf6 6. Be2 g6 7. O-O Bg7 8. h3 O-O 9. Rd1 Qc7 10. c4 Nd7 11. Nc3 a5 12. Rb1 Nc5 13. b3 Bxc3 14. Qxc3 Nxe4 15. Qe3 Nf6 16. Bb2 Bf5 17. Rbc1 e5 18. c5 dxc5 19. Rxc5 Qb6 20. Rxe5 Qxe3 21. Rxe3 Ne8 22. g4 Be6 23. Ne5 Nc7 24. Nxc6 bxc6 25. Rc3 Bd5 26. Bf3 Bxf3 27. Rxf3 Nd5 28. Rc1 Rfc8 29. a3 Rab8 30. Bd4 Rb5 31. Bc5 Rcb8 32. Bd6 Rd8 33. Bc5 Rdb8 34. Bd6 Rd8 35. Be5 Kf8 36. Kg2 Ke7 37. Re1 Kf8 38. Ba1 Rdb8 39. Bd4 Rxb3 40. Bc5+ Kg7 41. Rxb3 Rxb3 42. Bd4+ Kf8 43. Bc5+ Kg7 44. h4 h6 45. Kg1 a4 46. Bd6 Rd3 47. g5 hxg5 48. hxg5 f6 49. Rc1 1-0

[Event "Titled Tuesday 2021.10.19"]
[Site "Chess.com INT"]
[Date "2021.10.19"]
[Round "11"]
[White "Ivanov, Mike"]
[Black "Manukian, Artak"]
[Result "1-0"]
[WhiteElo "2344"]
[BlackElo "2196"]
[WhiteFideId "-1"]
[WhiteFideId "-1"]
[PlyCount "31"]
[GameId "1707555635023872"]
[EventDate "2021.10.19"]
[EventType "swiss (blitz)"]
[EventRounds "11"]
[EventCountry "NET"]
[SourceTitle "CBM 204 Extra"]
[Source "ChessBase"]
[SourceDate "2021.11.30"]
[SourceVersion "1"]
[SourceVersionDate "2021.11.30"]
[SourceQuality "1"]

1. e4 c6 2. Nf3 d5 3. Nc3 Bg4 4. d4 dxe4 5. Nxe4 Bxf3 6. Qxf3 Qxd4 7. Be3 Qxb2 8. Bc4 Qb4+ 9. Nd2 Nf6 10. Rb1 Qd6 11. Rxb7 Nbd7 12. O-O e6 13. Bb3 Nc5 14. Bxc5 Qxc5 15. Ne4 Qb6 16. Nxf6+ 1-0

[Event "Titled Tuesday 2021.10.19"]
[Site "chess.com INT"]
[Date "2021.10.19"]
[Round "4"]
[White "Ivanov, Mike"]
[Black "Ghimpu, Samuel Timotei"]
[Result "0-1"]
[WhiteElo "2344"]
[BlackElo "2431"]
[WhiteFideId "-1"]
[WhiteFideId "-1"]
[PlyCount "90"]
[GameId "2130307582090937"]
[EventDate "2021.10.19"]
[EventType "swiss (blitz)"]
[EventRounds "11"]
[EventCountry "NET"]
[SourceTitle "The Week in Chess 1407"]
[Source "Mark Crowther"]
[SourceDate "2021.10.25"]
[SourceVersion "1"]
[SourceVersionDate "2021.10.25"]
[SourceQuality "2"]

1. e4 e6 2. d4 d5 3. e5 c5 4. c3 Nc6 5. Nf3 Qb6 6. Bd3 cxd4 7. O-O Bd7 8. Re1 Nge7 9. h4 a6 10. h5 h6 11. Nbd2 Rc8 12. Nb3 dxc3 13. bxc3 Na5 14. Be3 Qc7 15. Nc5 Nf5 16. Nxd7 Nxe3 17. Rxe3 Qxd7 18. Nd4 Nc4 19. Rg3 Nxe5 20. Be2 Nc6 21. Qa4 Rg8 22. Re1 Bd6 23. Re3 Nxd4 24. Qxd7+ Kxd7 25. cxd4 b5 26. Rf3 Ke7 27. Bd3 Rc3 28. Rb1 Rgc8 29. g4 Ra3 30. Rb2 Rcc3 31. Rd2 Bc7 32. Kg2 Bb6 33. Be2 Rxf3 34. Bxf3 Ra4 35. Rc2 Rc4 36. Rxc4 bxc4 37. Kf1 Bxd4 38. Bd1 a5 39. f3 Be3 40. Ke2 Bf4 41. Bc2 d4 42. Bh7 d3+ 43. Kd1 Kd6 44. a4 Kc5 45. Bg8 c3 0-1

[Event "Titled Tuesday 2021.10.19"]
[Site "chess.com INT"]
[Date "2021.10.19"]
[Round "10"]
[White "Minko, Dmitry"]
[Black "Ivanov, Mike"]
[Result "0-1"]
[WhiteElo "2207"]
[BlackElo "2344"]
[WhiteFideId "-1"]
[WhiteFideId "-1"]
[PlyCount "144"]
[GameId "2130307582103493"]
[EventDate "2021.10.19"]
[EventType "swiss (blitz)"]
[EventRounds "11"]
[EventCountry "NET"]
[SourceTitle "The Week in Chess 1407"]
[Source "Mark Crowther"]
[SourceDate "2021.10.25"]
[SourceVersion "1"]
[SourceVersionDate "2021.10.25"]
[SourceQuality "2"]

1. e4 e6 2. d4 d5 3. Nc3 Bb4 4. e5 c5 5. a3 Bxc3+ 6. bxc3 Ne7 7. h4 Qc7 8. Nf3 b6 9. Bb5+ Bd7 10. Bd3 c4 11. Bf1 Ba4 12. h5 h6 13. g3 Nbc6 14. Bh3 O-O-O 15. Nh4 Kb8 16. Kf1 Qd7 17. Kg2 Rdg8 18. Kg1 g5 19. hxg6 fxg6 20. Ng2 g5 21. Bg4 Nf5 22. Ne3 Ng7 23. Rh2 Qf7 24. Rb1 h5 25. Bf3 g4 26. Bh1 Nf5 27. Ng2 h4 28. Nxh4 Nxh4 29. Rxh4 Rxh4 30. gxh4 g3 31. f3 Qg6 32. Qe2 Bxc2 33. Rb2 Bd3 34. Qg2 Qh5 35. Bg5 Rf8 36. Qxg3 Kb7 37. Rf2 Bf5 38. f4 Rg8 39. Bf3 Qh7 40. h5 Be4 41. Rf1 Ne7 42. Bxe4 dxe4 43. Qg2 Nd5 44. h6 Qf5 45. Re1 e3 46. Qf3 Ka6 47. Kg2 Nxc3 48. Rxe3 Nd5 49. Re1 c3 50. Kf2 c2 51. Qe2+ Kb7 52. Rc1 Rxg5 53. Qf3 Rg4 54. h7 Rh4 55. Qg3 Rxh7 56. Rxc2 Qxc2+ 57. Kf3 Qf5 58. Qg2 Rc7 59. Ke2 Rc2+ 60. Kf1 Rxg2 61. Kxg2 Qe4+ 62. Kg3 Qxf4+ 63. Kg2 Qxd4 64. Kf1 Qb2 65. Ke1 Ka6 66. Kd1 Ka5 67. a4 Kb4 68. Ke1 Nc3 69. Kf1 Qe2+ 70. Kg1 Ne4 71. a5 Qf2+ 72. Kh1 Ng3# 0-1

[Event "Titled Tuesday 2021.09.14"]
[Site "Chess.com INT"]
[Date "2021.09.14"]
[Round "1"]
[White "Ivanov, Mike"]
[Black "Roebers, Jan"]
[Result "0-1"]
[WhiteElo "2344"]
[BlackElo "2156"]
[WhiteFideId "-1"]
[WhiteFideId "-1"]
[PlyCount "100"]
[GameId "1694855250436096"]
[EventDate "2021.09.14"]
[EventType "swiss (blitz)"]
[EventRounds "11"]
[EventCountry "NET"]
[SourceTitle "EXT 2022"]
[Source "ChessBase"]
[SourceDate "2021.10.06"]
[SourceVersion "1"]
[SourceVersionDate "2021.10.06"]
[SourceQuality "1"]

1. e4 e5 2. Nf3 Nc6 3. d4 exd4 4. Nxd4 Bb4+ 5. c3 Bc5 6. Be3 Bb6 7. Nf5 Bxe3 8. Nxe3 Nge7 9. c4 O-O 10. Bd3 d6 11. O-O Ne5 12. Nc3 Nxd3 13. Qxd3 Be6 14. Ncd5 Bxd5 15. cxd5 f5 16. exf5 Qd7 17. Rac1 Rac8 18. Qb3 b6 19. Rc4 Nxf5 20. Rfc1 Qf7 21. Rf4 Qg6 22. Qc2 Nxe3 23. Qxg6 hxg6 24. fxe3 Rfe8 25. Kf2 Re5 26. Rd4 Rf8+ 27. Ke2 Ref5 28. Rf4 Rxd5 29. Rxf8+ Kxf8 30. Rxc7 Rc5 31. Rxc5 dxc5 32. Kd3 Ke7 33. Kc4 Kd6 34. a4 a6 35. e4 Kc6 36. g4 b5+ 37. axb5+ axb5+ 38. Kd3 Kd6 39. Ke3 Ke5 40. h4 c4 41. h5 gxh5 42. gxh5 b4 43. Kf3 c3 44. bxc3 bxc3 45. Ke3 c2 46. Kd2 Kxe4 47. h6 gxh6 48. Kxc2 Kf3 49. Kd2 h5 50. Ke1 Kg2 0-1

[Event "Titled Tuesday 2021.09.14"]
[Site "Chess.com INT"]
[Date "2021.09.14"]
[Round "2"]
[White "Sarkar, Justin"]
[Black "Ivanov, Mike"]
[Result "0-1"]
[WhiteElo "2324"]
[BlackElo "2344"]
[WhiteFideId "-1"]
[WhiteFideId "-1"]
[PlyCount "70"]
[GameId "1694855251304448"]
[EventDate "2021.09.14"]
[EventType "swiss (blitz)"]
[EventRounds "11"]
[EventCountry "NET"]
[SourceTitle "EXT 2022"]
[Source "ChessBase"]
[SourceDate "2021.10.06"]
[SourceVersion "1"]
[SourceVersionDate "2021.10.06"]
[SourceQuality "1"]

1. d4 Nf6 2. c4 e6 3. d5 exd5 4. cxd5 Bc5 5. Nc3 O-O 6. Nf3 Re8 7. Bg5 h6 8. Bh4 d6 9. e3 Bf5 10. Be2 Nbd7 11. O-O Nf8 12. Nd4 Bd7 13. Rc1 Ng6 14. Bg3 a6 15. a3 Qe7 16. b4 Bb6 17. Nb3 Rad8 18. Na5 Bc8 19. Nc4 Ba7 20. Kh1 Ne4 21. Nxe4 Qxe4 22. f3 Qe7 23. e4 f5 24. Bd3 f4 25. Bf2 Bxf2 26. Rxf2 b5 27. Na5 Ne5 28. Nc6 Nxc6 29. Rxc6 Bb7 30. Rc3 Rc8 31. Rfc2 Rf8 32. Qc1 Rf7 33. a4 bxa4 34. Ra3 Qe8 35. Rca2 c6 0-1

[Event "Titled Tuesday 2021.09.14"]
[Site "Chess.com INT"]
[Date "2021.09.14"]
[Round "5"]
[White "Dvirnyy, Danyyil"]
[Black "Ivanov, Mike"]
[Result "0-1"]
[WhiteElo "2488"]
[BlackElo "2344"]
[WhiteFideId "-1"]
[WhiteFideId "-1"]
[PlyCount "100"]
[GameId "1694855253757952"]
[EventDate "2021.09.14"]
[EventType "swiss (blitz)"]
[EventRounds "11"]
[EventCountry "NET"]
[SourceTitle "EXT 2022"]
[Source "ChessBase"]
[SourceDate "2021.10.06"]
[SourceVersion "1"]
[SourceVersionDate "2021.10.06"]
[SourceQuality "1"]

1. d4 Nf6 2. c4 e6 3. Nf3 c5 4. d5 exd5 5. cxd5 d6 6. Nc3 g6 7. g3 Bg7 8. Bg2 a6 9. a4 O-O 10. O-O Re8 11. Re1 Ne4 12. Nxe4 Rxe4 13. Bg5 Qc7 14. Ra2 Rb4 15. b3 Nd7 16. Bd2 Re4 17. Qc2 Nf6 18. Nh4 Re7 19. Bc3 Bd7 20. Qb2 Ne8 21. Bxg7 Nxg7 22. e4 Rae8 23. b4 b6 24. a5 bxa5 25. bxc5 Qxc5 26. Rea1 Bb5 27. Qd2 a4 28. Bf3 Qc8 29. Kg2 f5 30. exf5 Nxf5 31. Nxf5 Qxf5 32. Rc1 Kg7 33. Ra3 Qf6 34. Rac3 Rf7 35. h4 Ref8 36. Re3 h6 37. Rcc3 Re7 38. Rxe7+ Qxe7 39. Qc2 Qf6 40. Re3 Rf7 41. h5 g5 42. Qe4 Bd7 43. Qb4 g4 44. Kg1 gxf3 45. Qe1 Bg4 46. Re4 Bxh5 47. Re6 Qf5 48. Qe3 Bg6 49. Rxd6 Qh3 50. Qe5+ Kh7 0-1

[Event "Titled Tuesday 2021.09.14"]
[Site "Chess.com INT"]
[Date "2021.09.14"]
[Round "7"]
[White "Gubanov, Oleg"]
[Black "Ivanov, Mike"]
[Result "0-1"]
[WhiteElo "2258"]
[BlackElo "2344"]
[WhiteFideId "-1"]
[WhiteFideId "-1"]
[PlyCount "58"]
[GameId "1694855254970368"]
[EventDate "2021.09.14"]
[EventType "swiss (blitz)"]
[EventRounds "11"]
[EventCountry "NET"]
[SourceTitle "EXT 2022"]
[Source "ChessBase"]
[SourceDate "2021.10.06"]
[SourceVersion "1"]
[SourceVersionDate "2021.10.06"]
[SourceQuality "1"]

1. d4 Nf6 2. Bf4 c5 3. dxc5 e6 4. Bd6 Na6 5. Bxf8 Rxf8 6. Nf3 Nxc5 7. e3 d5 8. Nbd2 Bd7 9. Be2 Qc7 10. O-O O-O-O 11. c4 dxc4 12. Nxc4 Bc6 13. Qc2 Kb8 14. b4 Nce4 15. Nce5 Bd5 16. Rfc1 Qxc2 17. Rxc2 Ne8 18. Rac1 N4d6 19. Bb5 Nf6 20. Bd3 h6 21. Nd4 Rc8 22. Rc5 Bxa2 23. Ra1 Bd5 24. Rca5 a6 25. b5 Nc4 26. R5a2 Nxe5 27. bxa6 b6 28. a7+ Ka8 29. Rb2 Nxd3 0-1

[Event "Titled Tuesday 2021.09.14"]
[Site "Chess.com INT"]
[Date "2021.09.14"]
[Round "10"]
[White "Leve, Nitai D"]
[Black "Ivanov, Mike"]
[Result "1-0"]
[WhiteElo "2128"]
[BlackElo "2344"]
[WhiteFideId "-1"]
[WhiteFideId "-1"]
[PlyCount "101"]
[GameId "1694855257100288"]
[EventDate "2021.09.14"]
[EventType "swiss (blitz)"]
[EventRounds "11"]
[EventCountry "NET"]
[SourceTitle "EXT 2022"]
[Source "ChessBase"]
[SourceDate "2021.10.06"]
[SourceVersion "1"]
[SourceVersionDate "2021.10.06"]
[SourceQuality "1"]

1. e4 e6 2. d3 d5 3. Nd2 a5 4. g3 a4 5. Bg2 a3 6. f4 Nf6 7. Ngf3 dxe4 8. Nxe4 Nxe4 9. dxe4 Qxd1+ 10. Kxd1 Nc6 11. c3 axb2 12. Bxb2 b6 13. Nd4 Bb7 14. e5 O-O-O 15. Kc1 Nxd4 16. Bxb7+ Kxb7 17. cxd4 Bb4 18. Kc2 h5 19. h3 g6 20. Kb3 Ba5 21. Kc4 c6 22. Rab1 b5+ 23. Kb3 Bb6 24. Rhd1 Ra8 25. Ba3 Ra4 26. Bc5 Rd8 27. a3 Rd5 28. Rbc1 Bxc5 29. dxc5 Rad4 30. Rxd4 Rxd4 31. Rc3 Ka6 32. Rf3 Rc4 33. Rd3 h4 34. gxh4 Rxf4 35. Rd7 Rf3+ 36. Kb4 Rf4+ 37. Kb3 Re4 38. Rc7 Rxe5 39. Rxc6+ Ka5 40. Rc8 Re3+ 41. Kc2 Rxa3 42. Ra8+ Kb4 43. Rxa3 Kxa3 44. c6 Ka2 45. c7 b4 46. c8=Q b3+ 47. Kc3 b2 48. Qa6+ Kb1 49. Qb5 Kc1 50. Qxb2+ Kd1 51. Qd2# 1-0